01002cam a22002531 4500001001300000003000400013005001700017008004100034010001700075035001900092040002000111042001200131050001800143082002000161100002300181245011900204260010200323300003300425490008600458650003800544651003300582810011600615999001700731sa 68008845 DLC20260227112537.0770511s1967 ii a 000 0 eng  asa 68008845  a(OCoLC)2954053 aDLCcMiYEMdDLC apremarc00aHT147.I5bJ32 a301.3/64/0954751 aJanaki, Vengalil A10aSome aspects of the population patterns in the different functional groups of towns in Gujaratc[by] V. A. Janaki. a[Baroda,bDept. of Geography, Faculty of Science] Maharaja Sayajirao University of Barodac[1967] a80 p.billus., maps.c30 cm.1 aMaharaja Sayajirao University of Baroda. Research paper series: geography,vno. 3 0aCities and townszIndiazGujarat. 0aGujarat (India)xPopulation.2 aMaharaja Sayajirao University of Baroda.bDepartment of Geography.tResearch paper series : geography ;vno. 3. c82608d82608